[Event "Aarhus-A"]
[Site "Aarhus"]
[Date "1996.??.??"]
[Round "2"]
[White "Sorensen, Jan"]
[Black "Pedersen, Daniel Vesterbaek"]
[Result "1/2-1/2"]
[WhiteElo "2390"]
[BlackElo "2250"]
[PlyCount "33"]
[EventDate "1996.??.??"]
[EventType "tourn"]
[EventRounds "7"]
[EventCountry "DEN"]
[EventCategory "3"]
[SourceTitle "EXT 1998"]
[Source "ChessBase"]
[SourceDate "1997.11.17"]

1. e4 e5 2. Bc4 Nf6 3. d3 c6 4. Nf3 d5 5. Bb3 Bd6 6. Nc3 dxe4 7. Ng5 O-O 8.
Ncxe4 Nxe4 9. Nxe4 Bf5 10. Nxd6 Qxd6 11. O-O Nd7 12. f4 Nc5 13. fxe5 Qd4+ 14.
Kh1 Nxb3 15. axb3 Qxe5 16. Qh5 Rfe8 17. Bf4 1/2-1/2